| 000 | 00000nas 2200000zi 4500 |
| 001 | 9.912665 |
| 003 | CaOODSP |
| 005 | 20241003133553 |
| 006 | m o d f |
| 007 | cr ||||||||||| |
| 008 | 220623c20229999onc x p o f0###a0eng|d |
| 040 | |aCaOODSP|beng|erda|cCaOODSP |
| 043 | |an-cn---|aa-cc--- |
| 086 | 1 |aXC2-441/2-2E-PDF |
| 110 | 1 |aCanada. |bParliament. |bHouse of Commons. |bSpecial Committee on the Canada-People's Republic of China Relationship, |eauthor, |eissuing body. |
| 245 | 10|aEvidence / |cSpecial Committee on the Canada-People's Republic of China Relationship. |
| 264 | 1|a[Ottawa] : |bHouse of Commons = Chambre des communes, |c2022- |
| 310 | |aIrregular |
| 336 | |atext|btxt|2rdacontent |
| 337 | |acomputer|bc|2rdamedia |
| 338 | |aonline resource|bcr|2rdacarrier |
| 362 | 1 |aBegan with : 44th Parliament, 1st session, number 001 (Monday, June 13, 2022). |
| 500 | |aIssued also in French under title: Témoignages. |
| 588 | |aDescription based on: 44th Parliament, 1st session, number 001 (Monday, June 13, 2022). |
| 588 | |aLatest issue consulted: 44th Parliament, 1st session, number 001 (Monday, June 13, 2022). |
| 610 | 10|aCanada. |bParliament. |bHouse of Commons. |bSpecial Committee on the Canada-People's Republic of China Relationship |vPeriodicals. |
| 651 | 0|aCanada|xForeign relations|zChina|vPeriodicals. |
| 651 | 0|aChina|xForeign relations|zCanada|vPeriodicals. |
| 655 | 7|aPeriodicals|2lcgft |
| 775 | 08|tTémoignages / |w(CaOODSP)9.912664 |